Το κοινό λεξιλόγιο της ελληνικής και της τουρικής γλώσσας : κοινές ελληνικές λέξεις που χρησιμοποιούνται στη σύγχρονη ζωή των δύο λαών

Το "Κοινό λεξιλόγιο" απευθύνεται κυρίως σε όσους ασχολούνται με τη διδακτική της τουρκικής και της ελληνικής ως ξένης γλώσσας, φοιτητές, εκπαιδευτικούς, συγγραφείς διδακτικού υλικού , ιδίως ερευνητές στο πλαίσιο της διαπολιτισμικής γλωσσικής αγωγής, αλλά και σε όσους τυχόν θα το δουν σαν α...

Πλήρης περιγραφή

Αποθηκεύτηκε σε:
Λεπτομέρειες βιβλιογραφικής εγγραφής
Κύριος συγγραφέας: Δημάση, Μαρία Γ., 1959-
Συγγραφή απο Οργανισμό/Αρχή: Δημοκρίτειο Πανεπιστήμιο Θράκης Τμήμα Γλώσσας, Φιλολογίας και Πολιτισμού Παρευξείνιων Χωρών
Άλλοι συγγραφείς: Nizam, Ahmad, Παπαρίζος, Χρίστος (Συγγραφέας εισαγωγής κ.λπ.)
Μορφή: Βιβλίο
Γλώσσα:Greek
Turkish
Δημοσίευση: Θεσσαλονίκη : Αδελφών Κυριακίδη Α. Ε., 2011
Θέματα:
Ετικέτες: Προσθήκη ετικέτας
Δεν υπάρχουν, Καταχωρήστε ετικέτα πρώτοι!

MARC

LEADER 00000nam a2200000 i 4500
001 1/46742
008 140506s2011 gre d
020 |a 960-343-750-6 
035 |l 10117532 
040 |a GR-MY-UA  |b gre  |e aacr 
041 0 |a gre  |a tur 
082 0 |a 489.3  |2 (23) 
100 1 |a Δημάση, Μαρία Γ.,   |d 1959- 
245 1 3 |a Το κοινό λεξιλόγιο της ελληνικής και της τουρικής γλώσσας :  |b κοινές ελληνικές λέξεις που χρησιμοποιούνται στη σύγχρονη ζωή των δύο λαών /  |c Δημάση Μαρία Γ., Νιζάμ Αχμέτ ; Δημοκρίτειο Πανεπιστήμιο Θράκης. Τμήμα Γλώσσας Φιλολογίας και Πολιτισμού Παρευξείνιων Χωρών 
260 |a Θεσσαλονίκη :   |b Αδελφών Κυριακίδη Α. Ε.,   |c 2011 
300 |a 277 σ.;  |c 24 εκ. 
504 |a Περιέχει βιβλιογραφικές παραπομπές 
505 0 |a Περιλαμβάνει στατιστικά στοιχεία 
520 |a Το "Κοινό λεξιλόγιο" απευθύνεται κυρίως σε όσους ασχολούνται με τη διδακτική της τουρκικής και της ελληνικής ως ξένης γλώσσας, φοιτητές, εκπαιδευτικούς, συγγραφείς διδακτικού υλικού , ιδίως ερευνητές στο πλαίσιο της διαπολιτισμικής γλωσσικής αγωγής, αλλά και σε όσους τυχόν θα το δουν σαν αντικείμενο της επιστημολογικής περιέργειας. 
650 0 0 |a Greek language, Modern  |x Foreign words and phrases  |x Turkish dictionaries. 
650 0 0 |a Turkish language  |x Dictionaries  |x Greek. 
650 0 0 |a Greek language  |x Dictionaries  |x Turkish. 
700 1 |a Nizam, Ahmad. 
700 1 |a Παπαρίζος, Χρίστος.  |4 aui 
710 2 |a Δημοκρίτειο Πανεπιστήμιο Θράκης  |b Τμήμα Γλώσσας, Φιλολογίας και Πολιτισμού Παρευξείνιων Χωρών. 
852 |a INST  |b LESVOS  |c EUDOXUS  |e 20140506  |h 489.3 ΔΗΜ  |p 005100054085  |q 005100054085  |t EDX  |y 0 
901 |a BIBL1-2014-2 
909 |a Λ  |b 188874 
920 |a ΕΥΔΟΞΟΣ  |b ΠΑΡΑΓΓΕΛΙΑ  |y ΛΕΣΒΟΣ-ΤΚΑΙ  |z 2013-04 
970 |a ΤΖΑΦΕΡΗ  |b ΕΥΑΓΓΕΛΙΑ  |z 2014/05/06